000 00718nam a2200241Ia 4500
001 8638
003 GE_BSU
008 181216s||||||||xx |||||||||||||| ||und||
040 _cGE_BSU
080 _a821.353.1-1
100 _aთანდილავა, იაკობ (იაშა)
245 _aმუზათა საუფლოში
245 _bლექსების კრებული
260 _aთბილისი.
260 _bომეგა თეგი
260 _c2004
300 _a111 გვ; 20 სმ.
300 _b1 ფ. პორტრ.
541 _h5 ლ.
653 _aლექსები
653 _aმუზათა საუფლოში
942 _cBK
999 _c41954
_d41954